Optimal control and differential equations : proceedings of the Conference on Optimal Control and Differential Equations held at the University of Oklahoma, Norman, Oklahoma, March 24-27, 1977 /
Guardado en:
| Autor Corporativo: | |
|---|---|
| Otros Autores: | , , |
| Formato: | Libro |
| Idioma: | English |
| Publicado: |
New York :
Academic Press,
1978.
|
| Materias: | |
| Etiquetas: |
Agregar Etiqueta
Sin Etiquetas, Sea el primero en etiquetar este registro!
|
| LEADER | 02328pam a2200289 a 4500 | ||
|---|---|---|---|
| 001 | MAT.inmabb006256 | ||
| 008 | 780328s1978####nyu######b####100#0#eng## | ||
| 005 | 20160530171116.0 | ||
| 245 | 0 | 0 | |a Optimal control and differential equations : |b proceedings of the Conference on Optimal Control and Differential Equations held at the University of Oklahoma, Norman, Oklahoma, March 24-27, 1977 / |c edited by A. B. Schwarzkopf, Walter G. Kelley, Stanley B. Eliason. |
| 260 | |a New York : |b Academic Press, |c 1978. | ||
| 300 | |a xi, 335 p. ; |c 24 cm. | ||
| 504 | |a Incluye referencias bibliográficas. | ||
| 505 | 0 | |a Optimal control: E. J. McShane, The calculus of variations from the beginning through optimal control theory -- Vadim Komkov, Control theory, variational principles, and optimal design of elastic systems -- George M. Ewing, Some minimum problems off the beaten path -- Leonard D. Berkovitz, Existence theory for optimal control problems -- Jack Warga, Necessary conditions for minimum of orders zero and two -- M. Q. Jacobs and W. C. Pickel, Numerical methods for the solution of time optimal control problems for hereditary systems -- Magnus R. Hestenes, Solving optimization problems. | |
| 505 | 0 | |a Differential equations: W. T. Reid, A critique of oscillation of differential systems -- Everett Pitcher, Conjugate points without the condition of Legendre -- Garret J. Etgen and Roger T. Lewis, Positive functionals and oscillation criteria for differential systems -- Raymond Redheffer, Matrix equations in the Siegel disk -- Philip Hartman, Linear second order systems of ordinary differential equations and geodesic flows -- James S. Muldowney, Comparison criteria for disconjugacy -- George Seifert, Positively invariant sets for differential equations. | |
| 510 | 4 | |a MR, |c 57 #10536 | |
| 020 | |a 0126322503 | ||
| 111 | 2 | |a Conference on Optimal Control and Differential Equations, |c University of Oklahoma, |d 1977. | |
| 700 | 1 | |a Schwarzkopf, Albert B. |4 edt | |
| 700 | 1 | |a Kelley, Walter G. |4 edt | |
| 700 | 1 | |a Eliason, Stanley B. |4 edt | |
| 650 | 0 | |a Control theory |x Congresses. | |
| 650 | 0 | |a Mathematical optimization |x Congresses. | |
| 650 | 0 | |a Differential equations |x Congresses. | |
| 084 | |a 49-06 (34-06) |2 msc2000 | ||
| 010 | |a 78006274 | ||
| 040 | |a DLC |c DLC |d DLC | ||
| 859 | |h 49 |i C748-1977 |p A-5746 |b BIB. MATEMATICA | ||
